Statistics for Slogan Match Up

Click here to take the quiz!

General Stats

  • This quiz has been taken 12 times
  • The average score is 7 of 13

Answer Stats

SloganAnswer% Correct
Taste the rainbowSkittles
100%
Gives you wingsRed Bull
80%
Have it your wayBurger King
80%
Taste the feelingCoca Cola
60%
100% Pure squeezed sunshineTropicana
60%
Solutions for a smarter planetIBM
50%
Once you pop you cant stopPringles
50%
What's the worst that could happenDr Pepper
40%
This is for the playersPlaystation
40%
Think SmallVolkswagen
30%
Think BigI Max
30%
Taste of paradiseBounty
30%
Stick TogetherT-Mobile
30%

Score Distribution

Percentile by Number Answered

Percent of People with Each Score

Your Score History

You have not taken this quiz